000 00889nam a2200265Ia 4500
003 OSt
005 20221005072319.0
006 a|||||r|||| 00| 0
007 ta
008 221004b |||||||| |||| 00| 0 eng d
020 _a8124601054 (pbk)
_c140
024 _a95752
037 _b870, 16/03/2009, Bookwell Publications
_cTextual
040 _aCRL
_cCRL
_beng
041 _2eng
_aeng
082 _aQ141:25, N8
100 _aNarayana Prasad Muni Tr.
_9607058
245 0 _aMundaka upanisad
_b With the original text in Sanskrit and Roman transliteration
260 _aNew Delhi
_bD. K. Printworld (P) Ltd. India
_c1998
300 _avi, 142p.
_ccm.
490 _aRediscovering indian literary classics; No. 6
650 _aRELIGION
942 _hQ141:25, N8
_cTEXL
_2cc
999 _c979198
_d979198